| 000 | 00436nam a22001337a 4500 | ||
|---|---|---|---|
| 005 | 20260624162146.0 | ||
| 020 | _a9781009386814 | ||
| 082 | _a327.090 5 McI/T | ||
| 100 |
_aMcIntosh, Christopher _917004 |
||
| 245 |
_aThe time of global politics: _binternational relationss as study of the present/ _cby Christopher, McIntosh |
||
| 260 |
_a. - U K _b: Cambbridge University Press _c, 2024 |
||
| 300 | _aviii+336 pages | ||
| 942 |
_2ddc _cREF |
||
| 999 |
_c761045 _d761045 |
||